00939cam a22002891a 4500001001300000003000400013005001700017008004100034010001700075035001900092040002500111050002300136051001600159070002200175072000900197100004600206245010200252260004600354300004200400440003900442500003300481504003000514500002000544650003700564700003100601999001700632gs 60000210 DLC20260227111409.0780803s1959 dcuab b f001 0 eng  ags 60000210  a(OCoLC)4106983 aDLCcOClUdDNALdDLC00aQE75b.B9 no. 1093 aQE84.A4bM50 a407bG29B no.10930 aX4001 aMiller, Robert D.q(Robert David),d1922-10aSurficial geology of Anchorage and vicinity, Alaska /cby Robert D. Miller and Ernest Dobrovolny. aWashington, [D.C.] :bU.S. G.P.O.,c1959. av, 128 p. :bill., col. map ;c24 cm. 0aGeological Survey bulletin ;v1093 aSix folded leaves in pocket. aBibliography: p. 122-125. aIncludes index. 0aGeologyzAlaskazAnchorage area.1 aDobrovolny, Ernest,d1912- c29453d29453